Computer aided manufacturing (Record no. 5528)
[ view plain ]
| 000 -LEADER | |
|---|---|
| fixed length control field | 00380nam a2200145Ia 4500 |
| 008 - FIXED-LENGTH DATA ELEMENTS--GENERAL INFORMATION | |
| fixed length control field | 150201s2011 xx 000 0 und d |
| 082 ## - DEWEY DECIMAL CLASSIFICATION NUMBER | |
| Classification number | 670.285 |
| Item number | RAO |
| 100 ## - MAIN ENTRY--PERSONAL NAME | |
| Personal name | Rao,P.N |
| 245 ## - TITLE STATEMENT | |
| Title | Computer aided manufacturing |
| 260 ## - PUBLICATION, DISTRIBUTION, ETC. (IMPRINT) | |
| Name of publisher, distributor, etc. | Tata McGraw Hill Education Private Limited |
| Place of publication, distribution, etc. | New Delhi |
| Date of publication, distribution, etc. | 2011 |
| 300 ## - PHYSICAL DESCRIPTION | |
| Extent | 417p. |
| 700 ## - ADDED ENTRY--PERSONAL NAME | |
| Personal name | Kundra,T.K |
| 700 ## - ADDED ENTRY--PERSONAL NAME | |
| Personal name | Tewari,N.K |
| 942 ## - ADDED ENTRY ELEMENTS (KOHA) | |
| Source of classification or shelving scheme | Dewey Decimal Classification |
| Koha item type | Books |
| Withdrawn status | Lost status | Source of classification or shelving scheme | Damaged status | Not for loan | Home library | Current library | Date acquired | SGTU | Total Checkouts | Full call number | Barcode | Date last seen | Bill Date | Koha item type |
|---|---|---|---|---|---|---|---|---|---|---|---|---|---|---|
| Dewey Decimal Classification | SGT Engineering Library | SGT Engineering Library | 30/05/2013 | SGTU | 670.285 RAO | FE5750 | 09/02/2015 | 09/02/2015 | Books |